Κατασκευές στον κήπο
Αποθηκεύτηκε σε:
| Κύριος συγγραφέας: | |
|---|---|
| Μορφή: | Βιβλίο |
| Γλώσσα: | Greek English |
| Δημοσίευση: |
Αθήνα :
Εκδόσεις Ψυχάλου,
c1990.
|
| Θέματα: | |
| Ετικέτες: |
Προσθήκη ετικέτας
Δεν υπάρχουν, Καταχωρήστε ετικέτα πρώτοι!
|
MARC
| LEADER | 00000cam a2200000 i 4500 | ||
|---|---|---|---|
| 001 | 1/38004 | ||
| 008 | 980710s1990 gr | ||| |||| ||gre|| | ||
| 035 | |l 10040660 | ||
| 040 | |a GR-MY-UA |b gre |e aacr | ||
| 041 | 1 | |a gre |h eng | |
| 082 | 0 | |a 635 | |
| 100 | 1 | |a Wiles, Richard. | |
| 245 | 1 | 0 | |a Κατασκευές στον κήπο / |c Ρίτσαρντ Ουάιλς ; μετάφραση Θανάσης Παπούλιας. |
| 246 | 3 | 3 | |a Εγκυκλοπαίδεια του πρακτικού κηπουρού της Βρετανικής Κηπουρικής Εταιρίας |
| 260 | |a Αθήνα : |b Εκδόσεις Ψυχάλου, |c c1990. | ||
| 300 | |a 192 σ. : |b εικ. ; |c 24 εκ. | ||
| 500 | |a Τίτλος πρωτοτύπου: The royal Horticultural Society's Encyclopaedia | ||
| 650 | 0 | 0 | |a Gardening. |
| 852 | |a INST |b SAMOS |e 19980710 |h 635 WIL |p 005300008371 |q 005300008371 |t BK |y 0 | ||
| 901 | |a BIBL-1998-2 | ||
| 909 | |a Σ |b 049857 | ||